| 000 | 01487cam a22004337a 4500 | ||
|---|---|---|---|
| 001 | 000006717 | ||
| 003 | CHAP | ||
| 005 | 20251209125528.0 | ||
| 008 | 971013s1993 r 00010 d | ||
| 010 | _a6662 | ||
| 011 | _a7634 | ||
| 020 | _8968-884-218-4 | ||
| 035 | _a6858 | ||
| 040 | _cCHAP | ||
| 090 | _aFolleto 14160 | ||
| 100 | 0 | 0 |
_aRenard Hubert, Marie Christine _995891 |
| 245 | 1 | 3 | _aEl Soconusco una economía cafetalera. |
| 260 |
_aChapingo, Méx. : _bUACH. Dirección de Difusión Cultural, _c1993. |
||
| 300 | _a99 p. | ||
| 590 |
_aBATCH-UPD _b10 _c20130110 _lUCH01 _h0155 |
||
| 590 |
_aBATCH-UPD _b10 _c20130110 _lUCH01 _h1355 |
||
| 590 |
_aBATCH-UPD _b10 _c20130410 _lUCH01 _h0849 |
||
| 590 |
_aBATCH-UPD _b10 _c20130914 _lUCH01 _h0807 |
||
| 590 |
_aCONVERSION _b10 _c20130109 _lUCH01 _h1305 |
||
| 590 |
_aE6096MTM _b05 _c20160921 _lUCH01 _h1354 |
||
| 650 | 1 | 4 |
_aCafé _xAspectos económicos _xChiapas. _917095 |
| 650 | 1 | 4 |
_aCafé _xChiapas. _917115 |
| 650 | 1 | 4 |
_aCafé _xHistoria. _917153 |
| 650 | 1 | 4 |
_aCafeticultores. _917080 |
| 710 | 0 | _aUACH. Dirección de Difusión Cultural. | |
| 901 | _aBK | ||
| 942 | _cFOLL | ||
| 942 | _n0 | ||
| 949 |
_aFolleto 14160 _bBC _cBPP _d-16490 _eBPP _fc.5 _i6858 _mD _si |
||
| 949 |
_aFolleto 14160 _bBC _cFOLL _d-16486 _eTS1 _i6858 _mD _si |
||
| 949 |
_aFolleto 14160 _bBC _cFOLL _d-16487 _eTS2 _fc.2 _i6858 _mD _si |
||
| 949 |
_aFolleto 14160 _bBC _cFOLL _d-16488 _eTS2 _fc.3 _i6858 _mD _si |
||
| 949 |
_aFolleto 14160 _bBC _cUACH _d-16489 _eUACH _fc.4 _i6858 _mD _si |
||
| 999 |
_c6662 _d6662 |
||